000 00834nam a2200277 i 4500
001 000042400
003 DO-SdBNP
005 20241004151228.0
007 ta
008 131128s2003 xxu 000 0 spa d
020 _a0970191359
040 _aDO-SdBNP
_bspa
_cBNPHU
_erda
082 4 _222
100 1 _aRodríguez Soriano, René,
_d1950-
_eautor
_4aut.
_9232
245 1 0 _aQueda la Música /
_cRené Rodríguez Soriano.
264 4 _aEstados Unidos :
_bEditora Baquiana,
_c2003.
300 _a73 páginas ;
_c19 cm.
336 _2rdacontent
_atexto
_btxt
337 _2rdamedia
_asin mediación
_bn
338 _2rdacarrier
_avolumen
_bnc
490 1 _aSenderos de la narrativa
500 _aIncluye datos biografícos del autor en las solapas
590 _aInventariado, 2024/BT
910 _aBtavárez
942 _2ddc
_cLBS1
999 _c41889
_d41889